| 000 -LEADER |
| fixed length control field |
00419cam a22001337a 4500 |
| 008 - FIXED-LENGTH DATA ELEMENTS--GENERAL INFORMATION |
| fixed length control field |
180718b1990 xxu||||| |||| 00| 0 eng d |
| 082 ## - DEWEY DECIMAL CLASSIFICATION NUMBER |
| Classification number |
Z3x5452 R162 CRS |
| 100 ## - MAIN ENTRY--PERSONAL NAME |
| Personal name |
Rangaswamy, P. |
| 245 ## - TITLE STATEMENT |
| Title |
Dry farming technology in India: a study of its profitability in selected areas |
| Statement of responsibility, etc. |
by P. Rangaswamy |
| 250 ## - EDITION STATEMENT |
| Edition statement |
2nd ed |
| 260 ## - PUBLICATION, DISTRIBUTION, ETC. |
| Place of publication, distribution, etc. |
Delhi |
| Name of publisher, distributor, etc. |
Agricole |
| Date of publication, distribution, etc. |
1990 |
| 300 ## - PHYSICAL DESCRIPTION |
| Extent |
203p. |
| 650 ## - SUBJECT ADDED ENTRY--TOPICAL TERM |
| Topical term or geographic name entry element |
Dry farming - India - Tamil Nadu |